| LEADER | 01068nam a2200289 4500 | ||
|---|---|---|---|
| 001 | vtls000003280 | ||
| 003 | VRT | ||
| 005 | 20170811093337.0 | ||
| 008 | 041025 2004 vm 00 vie | ||
| 999 | |c 3381 |d 3381 | ||
| 039 | 9 | |a 201204270951 |b luuthiha |c 200509081450 |d VLOAD |c 200504271002 |d VLOAD |c 200504092033 |d Hanh | |
| 040 | |a TVTTHCM. | ||
| 041 | 0 | |a viechi. | |
| 082 | 0 | 4 | |a 423 |b C104b |
| 100 | 1 | |a K. | |
| 245 | 1 | 0 | |a Cambridge international dictionary of English |c Cambridge University |
| 260 | |a Anh |b Cambridge University |c 1995 | ||
| 300 | |a 1773 tr. |c 23 cm | ||
| 520 | |a v...v | ||
| 653 | |a Ngôn ngữ | ||
| 653 | |a Tiếng Anh | ||
| 653 | |a Từ điển | ||
| 942 | |2 ddc |c STK0 | ||
| 949 | |6 100003496 | ||
| 949 | |6 100003497 | ||
| 952 | |0 0 |1 0 |2 ddc |4 0 |6 423_000000000000000_C104B |7 1 |8 400 |9 36106 |a qbu |b qbu |c D4 |d 2014-12-16 |g 34000 |o 423 C104b |p 2952.C1 |w 2014-12-16 |y STK0 |0 0 |6 423_000000000000000_C104B | ||
| 952 | |0 0 |1 0 |2 ddc |4 0 |6 423_000000000000000_C104B |7 0 |8 400 |9 36107 |a qbu |b qbu |c D4 |d 2014-12-16 |g 34000 |o 423 C104b |p 2952.C2 |w 2014-12-16 |y STK0 |0 0 |6 423_000000000000000_C104B | ||